000
00298nam a2200133Ia 4500
008
230312s9999||||xx |||||||||||||| ||und||
082
_a
005.74
_b
HOF-M
100
_a
Hoffer, Jeffrey A
245
0
_a
Modern Database Management
300
_a
638
546
_a
Eng.
650
_a
Computer
942
_c
BK
999
_c
6012
_d
6012